| 000 | 00557nam a2200205 a 4500 | ||
|---|---|---|---|
| 005 | 20240925070053.0 | ||
| 008 | 040121s2002 mx r 000 0 spa d | ||
| 020 | _a8483165538 | ||
| 035 | _aUPN01000131450 | ||
| 049 | _aCG | ||
| 050 | 4 |
_aB105 C7.5 _bD5.2 |
|
| 100 | 1 |
_aDíaz Hernández, Carlos, _d1944- _940159 |
|
| 245 | 1 | 0 |
_aAprovechar la crisis con creatividad / _cCarlos Díaz. |
| 260 |
_aMadrid : _bCCS, _c2002. |
||
| 300 | _a152 p. | ||
| 440 | 0 |
_aEducar ; _v24 |
|
| 650 | 4 |
_aCRISIS (FILOSOFIA) _912196 |
|
| 650 | 4 |
_aValores _9308 |
|
| 905 | _aLibro | ||
| 999 |
_c103605 _d103605 |
||